Asia under siege : how the Asian mirachle went wrong

Bibliographic Details
Main Author: Ranjit Gill
Format: Book
Published: Singapore : Epic Management Services , 1998
Subjects:

MARC

LEADER 00000cam a2200000 7i4500
001 0000006149
005 20021213.0
020 |a 9810401442 
040 |a INS 
090 0 0 |a HB3722   |b R36 1998 
100 0 |a Ranjit Gill 
245 1 0 |a Asia under siege :   |b how the Asian mirachle went wrong   |c Ranjit Gill 
260 |a Singapore :   |b Epic Management Services ,   |c 1998 
300 |a 96 p. 
650 0 0 |a Asia   |x Economic conditions 
999 |a 0000007399   |b BOOK   |c Open Shelf   |e Default branch